| 000 | 00380nam a2200133Ia 4500 | ||
|---|---|---|---|
| 008 | 220120s9999||||xx |||||||||||||| ||und|| | ||
| 082 | _a621.381 5 HAY | ||
| 100 | _aHayt, William H and et. al. | ||
| 245 | 0 | _aEngineering Circuit Analysis | |
| 250 | _a7th | ||
| 260 |
_aTata mc graw hill ltd. _bNew Delhi _c2011 |
||
| 300 |
_aXI,476p. _b0 |
||
| 650 | _aELECTRONICS AND COMMUNICATIONS | ||
| 999 |
_c132623 _d132623 |
||